Регионална библиотека "Любен Каравелов" - Русе

Джуджето, прасенцето Стафидко и Таде (Запис номер 490312)

MARC детайли
000 -Лидер
Контролно поле с фиксирана дължина 01117nam a2200289 a 4500
003 - Код на организацията, давaща контролен номер
Контролно поле BLK
005 - Дата и час на последна редакция
Контролно поле 20250620123120.0
008 - Елементи от данни с фиксирана дължина
fixed length control field 220327b bu |||||r|||| 00| 0 bu d
020 ## - Международен стандартен номер на книга ISBN
Международен стандартен номер на книга ISBN 9786197659382
040 ## - Източник на каталожния запис
Идентификатор на билиотеката - собственик на записа BLK
041 ## - Код за език
Код за езика на текст/звукозапис или на отделно заглавие Български
Код за езика КДБФ Български
080 ## - УДК
Текстов определител УДК Унгарска литература
УДК код - определител по УДК 821.511.141
УДК определител -93-34
УДК - код + определител 821.511.141-93-34
100 ## - Редна дума - Автор
R(LIN) 336379
Автор Балинт, Агнеш
Авторска отговорност първи автор
139 ## - Редно поле
Редна дума Балинт, Агнеш
Авторски знак Балз - Б 22
245 ## - Сведения за заглавието
Заглавие Джуджето, прасенцето Стафидко и Таде
Редно поле (дума) Агнеш Балинт; ил. Владимир Сутеев, прев. Иванка Павлова
257 ## - Страна на издаване
Страна на създаване/издаване България
260 ## - Област на издателските данни
9 (RLIN) 220232
Място на издаване, разпространение и проч. София
Име на издателя, разпространителя и проч. Миранда
Година на издаване 2022
Издателство - префикс ISBN 978-619-7078-
300 ## - Физическа характеристика
Страници 70 с.
Илюстрации и др. с цв. ил.
Размери/Мащаб 26 см
380 ## - Жанр
Жанр Детска худож. лит.
653 ## - Ключова дума – ненормативна
9 (RLIN) 186425
Ключова дума есен
700 ## - Други автори (авторска отговорност)
9 (RLIN) 599
Лично име Сутеев, Владимир Григориевич
Автороска отговорност (Описва отношението между автора и произведението) ил.
700 1# - Други автори (авторска отговорност)
9 (RLIN) 105465
Лично име Павлова, Иванка Стаменова
Автороска отговорност (Описва отношението между автора и произведението) прев.
856 ## - Електронен адрес и достъп
Инструкция (цена за достъп) 0.00
Права за достъп disable
942 ## - АРТИКУЛИ
Вид на библиотечния материал Книги
Скрит в OPAC Не
Периодичен библиозапис Да
Koha issues (borrowed), all copies 36
944 ## - СЪЗДАВАНЕ И РЕДАКЦИЯ на ЗАПИСА
Служител, извършил регистрацията/редакцията 30551
Статус, дата на статуса Бояна Костадинова
999 ## - СИСТЕМНИ КОНТРОЛНИ НОМЕРА
Koha biblionumber 490312
Koha biblioitemnumber 490312
999 ## - СИСТЕМНИ КОНТРОЛНИ НОМЕРА
Koha biblioitemnumber 490312
Наличности
Код за отписване Код за изгубен артикул Източник на класификационната схема Код за повреда Коз за рестрикции Код за отдаване Артикулен № Име на библиотеката - собственик Име на библиотеката, в която се намира в момента Статус (Текущо местоположение) Дата на вписване в системата Местоположение - отдел Цена в лева Инвентарен номер Систематично азбучна сигнатура Баркод Цена в евро Служебен тип на артикула
  Не е изгубен Universal Decimal Classification Не е повреден без рестрикции заемане за дома 925851 Регионална библиотека "Любен Каравелов" Русе Регионална библиотека "Любен Каравелов" Русе Детски отдел 2023-03-29 Детски отдел 12.71 120000885095 821-93/Б 22 А 120000885095 6.50 Книги
  Не е изгубен Universal Decimal Classification Не е повреден без рестрикции заемане за дома 925852 Регионална библиотека "Любен Каравелов" Русе Регионална библиотека "Любен Каравелов" Русе Детски отдел 2023-03-29 Детски отдел 12.71 120000885094 821-93/Б 22 А 120000885094 6.50 Книги
  Не е изгубен Universal Decimal Classification Не е повреден без рестрикции заемане за дома 925853 Регионална библиотека "Любен Каравелов" Русе Регионална библиотека "Любен Каравелов" Русе Детски отдел 2023-03-29 Детски отдел 12.71 120000885096 821-93/Б 22 А 120000885096 6.50 Книги
Vip Innovations Ltd, Rousse, Bulgaria 2025